000 00948cam a22002891 4500
001 18042
003 BD-RjUL
005 20211209000229.0
008 140219r19491917enk 001 0 eng
035 _a(BD-RjUL)18100
035 _a(OCoLC)359558
040 _aDLC
_cODaWU
_dOCoLC
_dDLC
_dBD-RjUL
_beng
041 _aeng
082 0 4 _a821.8
_bOXF 1949
245 0 4 _aThe Oxford book of English mystical verse /
_cchosen by D.H.S. Nicholson and A.H.E. Lee.
260 _aOxford :
_bThe Clarendon Press,
_c1917 [Reprinted 1949].
300 _axv, 644 p.
_c19 cm.
504 _aIncludes index.
650 0 _aEnglish poetry.
_955599
650 0 _aMysticism
_zGreat Britain.
_955600
650 0 _aMysticism in literature.
_954103
700 1 _aNicholson, D. H. S.
_q(Daniel Howard Sinclair),
_ecomp.
_955601
700 1 _aLee, A. H. E.
_q(Arthur Hugh Evelyn),
_ejoint comp.
_955602
942 _2ddc
_cBK
999 _c18042
_d18042